000 00658cam a22002053a 4500
001 39477
003 PGUSA
005 20140828083858.0
008 120418s2012||||xxu|||||s|||||000 | eng d
040 _aPGUSA
_beng
042 _adc
100 1 _aSwainson, William
245 1 0 _aZoological Illustrations, Volume III ;
_bor, Original Figures and Descriptions of New, Rare, or Interesting Animals
_h[electronic resource] /
_cWilliam Swainson
260 _bProject Gutenberg,
_c2012
506 _aPublic domain in the USA.
516 _aElectronic text
830 0 _aProject Gutenberg
_v39477
856 4 0 _uhttp://www.gutenberg.org/ebooks/39477
942 _cEB
999 _c268730
_d268730